000 00883aam a2200301 i 4500
001 768714001
003 CO-MdFUSB
005 20250526103312.0
007 ta
008 250526t1987 -us |||| |||| 00| 0 eng d
040 _cCO-MdFUSB
041 0 _aeng
082 0 4 _223
_a248.4
_bM1452s
100 1 _aMcGee, Robert S.
_eautor
245 1 0 _aThe search for significance :
_binformation for the corresponding small group leader's guide is at the back of this book
_c/ Robert S. McGee
264 1 _bRapha Publishing,
_aHouston, Texas, USA :
_c[1987]
264 4 _c©1987
300 _a163 páginas
336 _atexto
_btxt
_2rdacontent
337 _2rdamedia
_asin mediación
_bn
338 _2rdacarrier
_avolumen
_bnc
563 _aRústico
650 7 _aAutoestima
_2embne
_92671
650 0 _aVida cristiana
_919
942 _cBK
945 _aJTF-925
999 _c32435
_d32435